ポケミク参加アーティスト - Statistics

General Stats
  • This quiz has been taken 15 times
  • The average score is 19 of 27
Answer Stats
ボカロP 楽曲 % Correct
DECO*27 ボルテッカー
100%
稲葉曇 電気予報
93%
ピノキオピー ポケットのモンスター
93%
Orangestar Encounter
93%
sasakure.UK アフターエポックス
93%
じん JUVENILE
86%
いよわ たびのまえ、たびのあと
86%
ナユタン星人 エスパーエスパー
79%
かいりきベア メロメロイド
79%
cosMo@暴走P 戦闘!初音ミク
79%
Giga ガッチュー!
79%
syudou 俺ゴーストタイプ
79%
まらしぃ むげんのチケット
71%
原口沙輔 しんかしんかしんか
71%
Kanaria チャンピオン
71%
傘村トータ きみとそらをとぶ
64%
サツキ ファサード・クエスチョン
64%
Eve Glorious Day
64%
kz×TAKU INOUE クロスロード
64%
八王子P PARTY ROCK ETERNITY
64%
ワンダフル☆オポチュニティ! ゴー!ビッパ団
57%
煮ル果実 オーパーツ
57%
Mitchie M ミライどんなだろう
57%
栗山夕璃 ひゅ~どろどろ
50%
すりぃ ドキドキ!
50%
Omoi スパイラル・メロディーズ
50%
烏屋茶房 たびだちのうた
43%
No matching quizzes found
Score Distribution
Percent of People with Each Score
Percentile by Number Answered
Your Score History
You have not taken this quiz